Top 10 NBA PG's OAT - Statistics

General Stats
  • This quiz has been taken 28 times
  • The average score is 10 of 10
Answer Stats
Hint Answer % Correct
#6 - Lakers Jerry West
100%
#9 - Thunder Russell Westbrook
100%
#2 - Warriors Stephen Curry
100%
#4 - Pistons Isiah Thomas
96%
#7 - Nets Jason Kidd
96%
#5 - Jazz John Stockton
96%
#1 - Lakers Magic Johnson
96%
#8 - Pelicans/Hornets Chris Paul
92%
#10 - Suns Steve Nash
92%
#3 - Royals/Kings Oscar Robertson
85%
No matching quizzes found
Score Distribution
Percent of People with Each Score
Percentile by Number Answered
Your Score History
You have not taken this quiz